Statistics for countries with the most valuable pearls

Click here to take the quiz!

General Stats

  • This quiz has been taken 11 times
  • The average score is 5 of 6

Answer Stats

HintAnswer% Correct
asiachina
100%
asiajapan
100%
oceaniaaustralia
82%
europefrance
82%
north americamexico
82%
asiabahrain
18%

Score Distribution

Percentile by Number Answered

Percent of People with Each Score

Your Score History

You have not taken this quiz